[Event "Fouesnant op 12th"]
[Site "Fouesnant"]
[Date "2006.11.01"]
[Round "6"]
[White "Mallejac, Germain"]
[Black "Hochart, Herve"]
[Result "1-0"]
[WhiteElo "1450"]
[BlackElo "1590"]
[PlyCount "67"]
[EventDate "2006.10.28"]
[EventType "swiss"]
[EventRounds "9"]
[EventCountry "FRA"]
[SourceTitle "EXT 2008"]
[Source "ChessBase"]
[SourceDate "2007.11.25"]
[SourceVersion "1"]
[SourceVersionDate "2007.11.25"]
[SourceQuality "1"]

1. d4 d5 2. Nf3 Nc6 3. c3 Bf5 4. Bf4 e6 5. e3 Bd6 6. Bg3 Nf6 7. Nbd2 Ne4 8. Bd3 0-0 9. Bxd6 Qxd6 10. Bxe4 dxe4 11. Ng5 h6 12. Ngxe4 Bxe4 13. Nxe4 Qd5 14. Qf3 Qb5 15. b3 Qd3 16. Rc1 b6 17. Ng3 Ne7 18. h4 c5 19. Qe2 Qg6 20. dxc5 bxc5 21. Qb5 Rac8 22. Qb7 Nc6 23. 0-0 Qf6 24. h5 e5 25. Rfd1 Rb8 26. Qd7 Rbd8 27. Qg4 Qe7 28. Nf5 Qf6 29. e4 Ne7 30. Nxe7+ Qxe7 31. Rd5 Qb7 32. Rxe5 Qa6 33. Ra1 Qd3 34. Rxc5 1-0